01215nam a22003377a 4500003000500000005001700005008004100022010000900063011000900072035000900081040000900090090001000099100004300109245007800152260004000230300000900270502007500279590003700354590004100391590004100432590004100473590004200514650004200556650003900598700004000637901000700677942001000684949004100694999001500735952012700750CHAP20220329133505.0971013s1993 r 00010 d a6982 a7954 a7179 cCHAP aTesis00aHernández Villeda, Severiano.954736 aEfecto del nivel energético en la crianza de pollos por sexos separados aChapingo, Méx. :bEl autor,c1993 a27 h aTesis (Ing. Agr. Esp. en Zootecnia) -- UACH. Departamento de Zootecnia aALEPHb10c20130110lUCH01h1220 aBATCH-UPDb10c20130110lUCH01h1557 aBATCH-UPDb10c20130410lUCH01h0955 aBATCH-UPDb10c20130914lUCH01h0440 aCONVERSIONb10c20130109lUCH01h130514aAves de corralxAlimentación.9863814aAves de corralxNutrición.986720 aMárquez Quiroz, Edilberto.976346 aBK cTESIS bBCcTESd-16996eTS1h26014i7179si c6982d6982 00102local4051708TESISaBCbBCcPA_TESISd2019-12-31fTESISl0oTesisp-16996r2019-12-31 00:00:00w2019-12-31yTESIS